000 00674nam a2200277Ia 4500
005 20260324145405.0
008 008 260324s9999 xx 000 0 eng d
020 _a9781315801759
037 _aEBOOK
040 _aCRL
040 _beng
040 _cCRL
041 _2eng
041 _aeng
084 _qCRL
100 _aStephen B Fawcett; Leslie Borck-Jameson
_91222789
245 0 _aLearning Counseling and Problem-Solving Skills
260 _bTaylor and Francis
260 _c1982
365 _a
365 _b220
856 _uhttp://www.taylorfrancis.com/books/9781315801759
942 _cEBOOK
999 _c1830641
_d1830641